| 000 | 00775nam a22002297a 4500 | ||
|---|---|---|---|
| 003 | 0 | ||
| 005 | 20250424093805.0 | ||
| 008 | 250424b xxu||||| |||| 00| 0 eng d | ||
| 020 | _a978-971-9905-89-9 | ||
| 050 |
_aHB 615 _b.Sa25 2021 |
||
| 100 | _aSaidali, Margarita R. | ||
| 245 |
_aThe entrepreneur _cMargarita R. Saidali |
||
| 260 |
_aIntramuros, Manila _bMindshapers, Co. Inc. _cc2021 |
||
| 300 |
_avi, 112 pages ; _c23cm. |
||
| 500 | _a"An introduction to the world of business management, operation and financing of own business." | ||
| 504 | _aIncludes bibliographical references. | ||
| 650 | _aEntrepreneurship. | ||
| 650 | _aSmall business—Management. | ||
| 650 | _aEntrepreneurship—Philippines. | ||
| 700 | _aManalad, Cynthia | ||
| 942 |
_2lcc _cBK |
||
| 999 |
_c367404 _d367404 |
||